Электропривод запорной аппаратуры; Электротехника, электромеханика и электротехнологии

Detaylı Bibliyografya
Parent link:Электротехника, электромеханика и электротехнологии.— 2002.— С. 49.
Yazar: Соколов Е. П.
Diğer Yazarlar: Каракулов А. С. (научный руководитель)
Dil:Rusça
Baskı/Yayın Bilgisi: 2002
Konular:
Materyal Türü: MixedMaterials Kitap Bölümü
KOHA link:https://koha.lib.tpu.ru/cgi-bin/koha/opac-detail.pl?biblionumber=90999

MARC

LEADER 00000naa2a2200000 4500
001 90999
005 20231031103830.0
035 |a (RuTPU)RU\TPU\book\97571 
090 |a 90999 
100 |a 20060218d2002 k y0rusy50 ca 
101 0 |a rus 
102 |a RU 
200 1 |a Электропривод запорной аппаратуры  |f Е. П. Соколов  |g науч. рук. А. С. Каракулов 
463 0 |0 (RuTPU)RU\TPU\book\68512  |t Электротехника, электромеханика и электротехнологии  |o Труды Второй региональной научно-практической студенческой конференции, Томск, 4-7 июня 2002 г.  |f Томский политехнический университет; Электротехнический институт  |v С. 49.  |d 2002  |p 146 с. 
610 1 |a запорная аппаратура 
610 1 |a электроприводы 
610 1 |a асинхронные двигатели 
610 1 |a управление 
610 1 |a труды учёных ТПУ 
700 1 |a Соколов  |b Е. П. 
702 1 |a Каракулов  |b А. С.  |4 727 
801 1 |a RU  |b 63413507  |c 20060218  |g PSBO 
801 2 |a RU  |b 63413507  |c 20090731  |g PSBO 
942 |c BK